Match That Eighties Song to the Lyrics - Statistics

General Stats
  • This quiz has been taken 116 times
    115 since last reset
  • The average score is 13 of 25
Answer Stats
Year Hint Artist Answer % Correct
1983 "My mother says, 'when you gonna live your life right?' Oh, mamma dear, we're not the fortunate ones, and..." Cyndi Lauper Girls Just Want to Have Fun
90%
1982 "People always told me be careful what you do, don't go around breaking young girls' hearts." Michael Jackson Billie Jean
88%
1985 "I got my first real six string, bought it at the five-and-dime" Bryan Adams Summer of '69
84%
1983 "I travelled the world and the seven seas; everyone's looking for something." Eurythmics Sweet Dreams
84%
1982 "Oh, I swear (what he means,) at this moment you mean everything" Dexy's Midnight Runners Come On Eileen
72%
1982 "In touch with the ground. I'm on the hunt, I'm after you. Smell like I sound, I'm lost in a crowd, and I'm..." Duran Duran Hungry Like the Wolf
72%
1985 "Because the boy with the cold hard cash is always Mister Right" Madonna Material Girl
67%
1986 "See-saw swingin' with the boys in school with your feet flyin' up in the air" Run DMC/ Aerosmith Walk This Way
63%
1984 "Dig if you will, a picture, of you and engaged in a kiss." Prince When Doves Cry
62%
1988 "Here's a little song I wrote; you might want to sing it note for note" Bobby McFerrin Don't Worry Be Happy
60%
1987 "So, Annie are you OK, are you OK, Annie?" Michael Jackson Smooth Criminal
60%
1984 "How come you're always such a fussy young man? Don't want no Captain Crunch don't want no Raisin Bran" Weird Al Yancovic Eat It
50%
1981 "Well, I remember. I remember, don't worry. How could I ever forget, it's the first time, the last time, we ever met." Phil Collins In the Air Tonight
50%
1989 Pope Paul, Malcolm X, British politician sex, JFK- blown away, what else do I have to say? Billy Joel We Didn't Start the Fire
50%
1989 "Tin roof! Rusted" The B-52s Love shack
49%
1986 "Livin' at home is such a drag; your mom threw away your best porno mag." Beastie Boys (You Gotta) Fight for Your Right (to Party)
47%
1981 "If you get caught between the moon and New York City" Christopher Cross Arthur's Theme(Best That You Can Do)
42%
1987 "No, I never felt like this before. I swear, it's the truth, and I owe it all to you." Jennifer Warnes (I've Had) The Time of my Life
42%
1986 "Revvin' up your engine, listen to her howlin' roar" Kenny Loggins Danger Zone
41%
1985 "It's all brand new. You'll feel it in my kiss, I'm..." Madonna Crazy for You
40%
1985 "I was working part-time in the five-and-dime, my boss was Mister McGee" Prince Raspberry Beret
40%
1986 "No, my first name ain't Baby, it's Janet. Ms. Jackson if you're nasty." Janet Jackson Nasty
36%
1982 "I wish I was in Tiajuana, eating barbequed iguana" Wall of Voodoo Mexican Radio
19%
1984 "I, I've been watchin' you, and I think I wanna know ya (know ya!)" The Time Jungle Love
10%
1989 "Mirror mirror on the wall, tell me mirror what is wrong. Can it be my de la clothes, or is it just my de la song?" De La Soul Me Myself and I
9%
No matching quizzes found
Score Distribution
Percent of People with Each Score
Percentile by Number Answered
Your Score History
You have not taken this quiz since the last reset